Effect of Periodontal disease on electromyographic activity of muscles of mastication in function (Record no. 884192)

MARC details
000 -LEADER
fixed length control field 00940nam a2200265Ia 4500
003 - CONTROL NUMBER IDENTIFIER
control field OSt
005 - DATE AND TIME OF LATEST TRANSACTION
control field 20220930092717.0
008 - FIXED-LENGTH DATA ELEMENTS--GENERAL INFORMATION
fixed length control field 220926b |||||||| |||| 00| 0 eng d
037 ## - SOURCE OF ACQUISITION
Terms of availability Theses
040 ## - CATALOGING SOURCE
Original cataloging agency CRL
Transcribing agency CRL
Language of cataloging eng
041 ## - LANGUAGE CODE
Source of code eng
Language code of text/sound track or separate title eng
100 ## - MAIN ENTRY--PERSONAL NAME
Personal name Gaba Varun
9 (RLIN) 549551
110 ## - MAIN ENTRY--CORPORATE NAME
Corporate name or jurisdiction name as entry element University OF Delhi. Faculty OF Medical Sciences. Department OF Periodontics
9 (RLIN) 545294
245 #0 - TITLE STATEMENT
Title Effect of Periodontal disease on electromyographic activity of muscles of mastication in function
Remainder of title A cross - sectional study
260 ## - PUBLICATION, DISTRIBUTION, ETC.
Date of publication, distribution, etc. 2015
650 ## - SUBJECT ADDED ENTRY--TOPICAL TERM
Topical term or geographic name entry element DENTISTRY
700 ## - ADDED ENTRY--PERSONAL NAME
Personal name Dr. Arundeep Kaur Lamba Gu.
700 ## - ADDED ENTRY--PERSONAL NAME
Personal name Dr. Shruti Tandon Gu.
9 (RLIN) 549552
700 ## - ADDED ENTRY--PERSONAL NAME
Personal name University OF Delhi. Faculty OF Medical Sciences. Department OF Periodontics
9 (RLIN) 545295
942 ## - ADDED ENTRY ELEMENTS (KOHA)
Koha item type Dissertations
Source of classification or shelving scheme Colon Classification (CC)
Holdings
Withdrawn status Lost status Damaged status Not for loan Home library Current library Date acquired Total Checkouts Barcode Date last seen Price effective from Koha item type
        Central Library Central Library 2022-09-30   TH0021890 2022-09-30 2022-09-30 Thesis
Copyright @ Delhi University Library System